| 000 | 00973nam a22002535a 4500 | ||
|---|---|---|---|
| 003 | OSt | ||
| 005 | 20170314115245.0 | ||
| 008 | 170313s2015 ua frb 000 0 ara d | ||
| 015 | _a2015 / 21225 | ||
| 020 | _z9789779035963 | ||
| 040 |
_aEG-ScBUE _bara _cEG-ScBUE |
||
| 082 | 0 | 4 |
_a345.0235 _bب س ي _222 |
| 100 | 1 | _aبسيوني، محمود شريف. | |
| 245 | 1 | 2 |
_aالجرائم ضد الإنسانية : _bطبيعتها، خصائصها والتطورات التي لحقت بأحكامها الموضوعية والإجرائية / _cمحمود شريف بسيوني. |
| 250 | _aط. 2. | ||
| 260 |
_aالقاهرة : _b[د. ن.]، _c2015. |
||
| 300 |
_a565 ص. ؛ _c24 سم. |
||
| 504 | _aيشتمل على إرجاعات ببليوجرافية. | ||
| 650 | 7 |
_aجرائم ضد الإنسانية (قانون دولي) _2BUEsh |
|
| 650 | 7 |
_aالقانون الدولي الجنائي. _2BUEsh |
|
| 651 | _2BUEsh | ||
| 653 |
_bLLAAWW _cMarch2017 |
||
| 942 | _2ddc | ||
| 999 |
_c24416 _d24388 |
||